| 000 | 00498nam a2200169 i 4500 | ||
|---|---|---|---|
| 001 | 150392 | ||
| 003 | ES-MaACL | ||
| 005 | 20230906203508.0 | ||
| 007 | t| | ||
| 008 | 071030s1908 fr ||||1| fre d | ||
| 100 | 1 |
_aValbreuze, Robert de. _9112451 |
|
| 245 | 1 | 0 |
_aNotions générales sur la télégraphie sans fil / _cpar R. de Valbreuze. |
| 260 |
_aParis : _b[s.n.], _c1908 ( _eChartres : _fDurand) |
||
| 300 |
_a169 p. ; _c26 cm. |
||
| 650 | 4 |
_aTelégrafo. _917430 |
|
| 852 |
_aES-MaACL _jB-1816 |
||
| 999 |
_c150392 _d150392 |
||